'C' Blitz Quiz Stats

 Plays Quiz Updated Jul 13, 2016

Score 0/40 Timer 04:00
1 Play Today
Category Answer % Correct
African CountryCameroon
97.2%
Punctuation MarkComma
92%
US StateCalifornia
89.6%
Zodiac SignCapricorn
89.5%
ElementCadmium
88.6%
Baseball PositionCatcher
88.6%
North American CountryCanada
88.5%
Asian CountryCambodia
84.4%
Santa's ReindeerCupid
82.3%
US PresidentClinton
80.2%
Temperature ScaleCelsius
79.8%
South American CountryChile
79.1%
V8 Juice IngredientCelery
77.1%
Orchestral InstrumentCello
72.6%
Wizard of Oz CompanionCowardly Lion
68.5%
English MonarchCharles I
66.5%
European CountryCroatia
63.6%
Brontë SisterCharlotte
62%
NFL Team NameCardinals
60.2%
Brady Bunch MemberCarol
58.9%
Category Answer % Correct
Trigonometric RatioCosine
58.7%
Triathlon EventCycling
57.3%
U.S. Military BranchCoast Guard
52.7%
US State CapitalColumbus
50.5%
Oscar Best MovieCasablanca
50%
Disney Animated MovieCinderella
49.7%
Tony Best MusicalCabaret
49.7%
British Prime MinisterChurchill
48.3%
Beatles SongCome Together
45.8%
Triwizard Competitor (First name)Cedric (Diggory)
45.3%
Book of the BibleColossians
44.1%
Capital City in OceaniaCanberra
43.9%
Clue/Cluedo RoomConservatory
42.8%
Original Premier League TeamCrystal Palace
38.5%
Pokémon (Generation 1)Charmander
32.1%
Original X-ManCyclops
30.2%
Part of SpeechConjunction
30%
Winter Olympic CityCalgary
27.8%
Emmy Comedy Winner TVCheers
27.3%
Shakespeare PlayCymbeline
12.3%

You're not logged in!

Compare scores with friends on all Sporcle quizzes.
OR
Log In

Show Comments

Extras

Top Quizzes Today


Score Distribution

Your Account Isn't Verified!

In order to create a playlist on Sporcle, you need to verify the email address you used during registration. Go to your Sporcle Settings to finish the process.

Report this User

Report this user for behavior that violates our Community Guidelines.

Details: